Statistics for Hartsfield-Jackson Atlanta Int. Airport Destinations (Atlanta, USA)

Click here to take the quiz!

General Stats

  • This quiz has been taken 84 times
    (33 since last reset)
  • The average score is 162 of 240

Answer Stats

AirlineDestination% Correct
Delta Air LinesBirmingham (AL)
100%
British Airways/Delta Air Lines/Virgin AtlanticLondon (Heathrow)
100%
American Airlines/Delta Air Lines/Southwest Airlines/Spirit AirlinesLos Angeles
100%
American Airlines/American Eagle/Delta Air Lines/Frontier Airlines/Southwest Airlines/Spirit AirlinesMiami
100%
Delta Air Lines/JetBlueNew York (JFK)
100%
Delta Air Lines/Frontier Airlines/JetBlue/Southwest Airlines/Spirit AirlinesNew York (LaGuardia)
100%
Air France/Delta Air LinesParis (Charles de Gaulle)
100%
Delta Air Lines/Frontier Airlines/Southwest Airlines/Spirit AirlinesTampa
100%
Delta Air Lines/KLMAmsterdam
96%
Delta Air LinesBarcelona
96%
Delta Air Lines/JetBlue/Spirit AirlinesBoston
96%
American Airlines/American Eagle/Delta Air LinesCharlotte
96%
Delta Air Lines/Frontier Airlines/Southwest AirlinesChicago (Midway)
96%
American Airlines/American Eagle/Delta Air Lines/Frontier Airlines/Spirit Airlines/United Airlines/United ExpressChicago (O'Hare)
96%
American Airlines/Delta Air Lines/Frontier Airlines/Spirit AirlinesDallas/Forth Worth
96%
Delta Air Lines/Southwest AirlinesDallas (Love)
96%
Delta Air Lines/Frontier Airlines/Southwest Airlines/United Airlines/United ExpressDenver
96%
Delta Air Lines/LufthansaFrankfurt
96%
Delta Air LinesMadrid
96%
Virgin AtlanticManchester (UK)
96%
Delta Air LinesMelbourne/Orlando
96%
Delta Air LinesMilan (Malpensa)
96%
Delta Air Lines/Frontier Airlines/Sun Country Airlines/Spirit AirlinesMinneapolis/St. Paul
96%
Delta Air Lines/Spirit Airlines/United Airlines/United ExpressNewark
96%
American Airlines/American Eagle/Delta Air Lines/Frontier Airlines/Southwest Airlines/Spirit AirlinesPhiladelphia
96%
American Airlines/Delta Air Lines/Frontier Airlines/Southwest AirlinesPhoenix (Sky Harbor)
96%
Delta Air Lines/Frontier AirlinesPortland (ME)
96%
Alaska Airlines/Delta Air LinesPortland (OR)
96%
Alaska Airlines/Delta Air Lines/Frontier Airlines/Southwest AirlinesSan Diego
96%
Delta Air Lines/Frontier Airlines/United AirlinesSan Francisco
96%
Delta Air LinesSan Jose (CA)
96%
Delta Air Lines/Frontier AirlinesSan Jose (CR)
96%
Delta Air LinesSan Jose del Cabo
96%
Alaska Airlines/Delta Air LinesSeattle/Tacoma
96%
Delta Air Lines/Frontier Airlines/Southwest AirlinesCancun
93%
Delta Air Lines/Frontier AirlinesCincinnati
93%
Delta Air Lines/Frontier Airlines/Southwest Airlines/Spirit AirlinesCleveland
93%
Delta Air LinesDublin
93%
Delta Air LinesHonolulu
93%
Delta Air Lines/Southwest AirlinesHouston (Hobby)
93%
Delta Air Lines/Frontier Airlines/Spirit Airlines/United Airlines/United ExpressHouston (Intercontinental)
93%
Turkish AirlinesIstanbul
93%
Delta Air Lines/Southwest AirlinesKansas City
93%
Delta Air Lines/Southwest AirlinesMemphis
93%
Air Canada Express/Delta Air Lines/Delta ConnectionMontreal (Trudeau)
93%
Delta Air Lines/Frontier Airlines/Southwest Airlines/Spirit AirlinesOrlando
93%
Delta Air LinesRome (Fiumicino)
93%
WestJetVancouver
93%
Delta Air Lines/Southwest Airlines/United Airlines/United ExpressWashington (Dulles)
93%
American Airlines/American Eagle/Delta Air Lines/Southwest AirlinesWashington (National)
93%
Ethiopian AirlinesAddis Ababa
89%
Delta Air LinesAnchorage
89%
Delta Air Lines/Southwest Airlines/Spirit AirlinesAustin
89%
WestJetCalgary
89%
Delta Air Lines/Frontier Airlines/Spirit AirlinesDetroit
89%
Delta Air LinesEl Paso
89%
Delta Air Lines/Southwest AirlinesIndianapolis
89%
Delta Air Lines/Southwest AirlinesJackson (MS)
89%
Southern Airways ExpressJackson (TN)
89%
Delta Air Lines/LATAM PeruLima
89%
Delta Air LinesMexico City
89%
Delta Air LinesMunich
89%
Delta Air Lines/Southwest AirlinesNashville
89%
Delta Air LinesRio de Janeiro (Galeao)
89%
Delta Air LinesSalt Lake City
89%
Delta Air Lines/Frontier Airlines/Southwest AirlinesSan Antonio
89%
Delta Air LinesSantiago de Chile
89%
Delta Air Lines/Frontier Airlines/Southwest AirlinesSt. Louis
89%
Delta Air LinesTokyo (Haneda)
89%
Delta ConnectionAlbany (GA)
85%
Delta Air LinesAlbany (NY)
85%
Delta Air Lines/Frontier Airlines/Southwest Airlines/Spirit AirlinesLas Vegas
85%
Delta Air Lines/Southwest AirlinesMilwaukee
85%
Delta Air Lines/Southwest AirlinesPanama City (FL)
85%
Copa Airlines/Delta Air LinesPanama City (Tocumen)
85%
Delta Air Lines/Frontier Airlines/Southwest AirlinesPittsburgh
85%
Delta Air Lines/Frontier Airlines/Southwest AirlinesRaleigh/Durham
85%
Delta Air Lines/Southwest AirlinesRichmond
85%
Delta Air LinesSacramento
85%
Delta Air LinesSao Paulo (Guarulhos)
85%
Delta Air LinesAlbuquerque
81%
Delta Air Lines/Frontier Airlines/Southwest Airlines/Spirit AirlinesBaltimore
81%
Delta Air LinesBogota
81%
Delta Air LinesBuenos Aires (Ezeiza)
81%
Delta Air LinesCharleston (SC)
81%
Delta ConnectionCharleston (WV)
81%
Delta ConnectionColumbus (GA)
81%
Delta Air Lines/Southwest AirlinesColumbus (Glenn)
81%
Delta ConnectionColumbus (MS)
81%
Scandinavian AirlinesCopenhagen
81%
WestJetEdmonton
81%
Aeromexico Connect/Delta Air LinesGuadalajara
81%
Delta Air Lines/Southwest AirlinesJacksonville (FL)
81%
Delta Air Lines/Delta ConnectionJacksonville (NC)
81%
Delta Air Lines/Frontier Airlines/Southwest Airlines/Spirit AirlinesNew Orleans
81%
Delta Air LinesSavannah
81%
Delta Air LinesZurich
81%
Delta Air LinesAthens
78%
Delta Air Lines/Frontier AirlinesBuffalo
78%
Qatar AirwaysDoha
78%
Delta Air Lines/Frontier Airlines/JetBlue/Southwest Airlines/Spirit AirlinesFort Lauderdale
78%
Delta Air Lines/Delta ConnectionKnoxville
78%
Delta Air Lines/Southwest AirlinesLouisville
78%
Delta ConnectionMontgomery
78%
Delta Air Lines/Frontier AirlinesNassau
78%
Delta Air Lines/Southwest AirlinesOakland
78%
Delta Air Lines/Delta ConnectionSpringfield/Branson
78%
Delta Air LinesColorado Springs
74%
Delta Air LinesDes Moines
74%
Delta Air Lines/Frontier AirlinesGuatemala City
74%
Delta Air Lines/Southwest AirlinesLittle Rock
74%
Delta Air Lines/Delta ConnectionMobile (Regional)
74%
Aeromexico Connect/Delta Air LinesMonterrey
74%
Delta Air Lines/Frontier Airlines/Southwest AirlinesNorfolk
74%
Delta Air Lines/Delta Connection/Southwest AirlinesOklahoma City
74%
Delta Air Lines/Frontier AirlinesProvidence
74%
Delta Air Lines/Korean AirSeoul (Incheon)
74%
Delta Air Lines/Frontier AirlinesSyracuse
74%
Delta Air Lines/Delta ConnectionChattanooga
70%
Delta Air Lines/Frontier AirlinesHartford
70%
Delta Air Lines/Southwest AirlinesOmaha
70%
Delta Air LinesQuito
70%
Delta Air LinesTucson
70%
Delta Air LinesAruba
67%
Delta Air LinesAsheville
67%
Delta Air LinesBarbados
67%
Delta Air LinesCape Town
67%
Delta Air Lines/Delta ConnectionColumbia (SC)
67%
Delta Air Lines/Frontier AirlinesKingston (Norman Manley)
67%
Delta Air LinesMadison
67%
Delta Air LinesReno/Tahoe
67%
Delta Air LinesRochester (NY)
67%
Delta Air Lines/Frontier Airlines/Spirit AirlinesSan Juan
67%
Delta Air LinesTel Aviv
67%
Delta ConnectionAspen
63%
Delta Air LinesBelize City
63%
Delta Air LinesEdinburgh
63%
Delta Air Lines/Southwest Airlines/Spirit AirlinesFort Myers
63%
Delta Air Lines/Frontier AirlinesGrand Rapids
63%
Delta Air LinesHuntsville
63%
Delta Air LinesJohannesburg (O.R. Tambo)
63%
Delta Air LinesLagos
63%
Frontier AirlinesLong Island/Islip
63%
Delta Air Lines/Southwest AirlinesPensacola
63%
Delta Air Lines/Frontier AirlinesSan Salvador
63%
Delta Air Lines/Frontier AirlinesSanto Domingo (Las Americas)
63%
Delta Air LinesSpokane
63%
Delta Air LinesTallahassee
63%
Delta Air Lines/Delta ConnectionWilmington (NC)
63%
Delta ConnectionAugusta (GA)
59%
Delta Air LinesBaton Rouge
59%
Delta Air LinesBoise
59%
Delta Air LInesCuracao
59%
Delta Air Lines/Delta ConnectionFayetteville/Bentonville
59%
Delta Air LinesFresno
59%
Delta Air LinesGreensboro
59%
Delta Air Lines/Delta ConnectionKey West
59%
Delta Air Lines/Delta ConnectionLexington
59%
Delta Air Lines/Frontier AirlinesMontego Bay
59%
Delta Air Lines/Frontier AirlinesPunta Cana
59%
Delta Air LinesSt. Kitts
59%
Delta Air LinesSt. Lucia (Hewanorra)
59%
Delta Air LinesTulsa
59%
Delta Air LinesBermuda
56%
Delta Air LinesBurlington (VT)
56%
Delta Air LinesDayton
56%
Delta ConnectionFort Wayne
56%
Delta Air Lines/Delta ConnectionGulfport/Biloxi
56%
Delta Air LinesHarrisburg
56%
Delta ConnectionShreveport
56%
Delta Air Lines/Frontier Airlines/Southwest AirlinesWest Palm Beach
56%
Delta Air LinesWichita
56%
WestJetWinnipeg
56%
Delta ConnectionAllentown
52%
Delta Air LinesAntigua
52%
Spirit AirlinesAtlantic City
52%
Delta Air Lines/Delta ConnectionFayetteville (NC)
52%
Delta Air Lines/Delta ConnectionGainesville
52%
Delta Air Lines/Frontier AirlinesOntario (CA)
52%
Delta Air LinesPuerto Vallarta
52%
Delta Air LinesSt. Maarten
52%
Delta Air LinesCedar Rapids/Iowa City
48%
Delta ConnectionGeorge Town
48%
Delta Air LinesGreen Bay
48%
Avelo AirlinesNew Haven (CT)
48%
Delta Air LinesNice
48%
Delta Air Lines/Southwest AirlinesSarasota
48%
Delta Air LinesSioux Falls
48%
Delta Air LinesBonaire
44%
Delta Air Lines/Delta ConnectionCharlottesville (VA)
44%
Delta Air LinesEagle/Vail
44%
Delta Air Lines/Southwest AirlinesGreenville/Spartanburg
44%
Delta Air LinesOrange County
44%
Delta Air LinesPalm Springs
44%
Delta Air LinesVenice
44%
Delta Air LinesBurbank
41%
Delta Air LinesDaytona Beach
41%
Delta Air LinesDestin/Fort Walton Beach
41%
Delta Air Lines/Delta ConnectionEvansville
41%
Delta Air Lines/Frontier AirlinesLiberia (CR)
41%
Aeromexico ConnectMerida
41%
Delta Air LinesMyrtle Beach
41%
Delta Air Lines/Delta ConnectionRoanoke
41%
Delta ConnectionSouth Bend
41%
Delta Air LinesSt. Thomas
41%
Frontier AirlinesTrenton
41%
Delta ConnectionAlexandria
37%
Delta Air LinesGrand Cayman
37%
Delta Air LinesSanta Barbara
37%
Air Canada/Air Canada Express/Delta Air LinesToronto (Pearson)
37%
Delta Air LinesCartagena
33%
Delta ConnectionLafayette
33%
Aeromexico ConnectLeon/El Bajio
33%
Delta ConnectionValdosta
33%
Delta ConnectionBloomington/Normal
30%
Delta Air LinesBozeman
30%
Delta Air LinesCozumel
30%
Delta ConnectionHilton Head
30%
Delta Air LinesJackson Hole
30%
Delta Air LinesKahului
30%
Delta ConnectionMoline/Quad Cities
30%
Delta ConnectionTri-Cities (TN)
30%
Delta Air LinesAppleton
26%
Delta Air LinesHayden/Steamboat Springs
26%
Delta ConnectionMonroe
26%
Delta Air LinesPuerto Plata
26%
Delta Air LinesMontrose
22%
Delta Air LinesStuttgart
22%
Delta Air Lines/Delta ConnectionWhite Plains
22%
Delta ConnectionDothan
19%
Frontier AirlinesNewburgh
19%
Delta Air LinesProvidenciales
19%
Delta Air LinesRoatan
19%
Delta Air LinesSan Pedro Sula
19%
Delta Air LinesSt. Croix
19%
Delta Air LinesTraverse City
19%
Delta ConnectionBrunswick
11%
Delta ConnectionMarsh Harbour
11%
Delta Air LinesTulum
11%
Delta ConnectionNorth Eleuthera
7%

Score Distribution

Percentile by Number Answered

Percent of People with Each Score

Your Score History

You have not taken this quiz since the last reset